| 000 | 00881nac a22002531u 4500 | ||
|---|---|---|---|
| 010 | _a 93015010 | ||
| 020 | _a0070308705 (acidâ‚‹free paper) | ||
| 020 | _a0070308705 | ||
| 082 | 0 | 0 |
_a647.94068 _bHUF |
| 090 |
_c5904 _d5904 |
||
| 100 | _aHuffadine, Margaret. | ||
| 245 | 1 | 0 |
_aProject management in hotel and resort development / _cMargaret Huffadine. |
| 260 |
_aNew York : _bMcGraw-Hill,c1993. _cc1993. |
||
| 300 |
_axiii, 251 p. : _bill. ; _c29 cm. |
||
| 500 | _aDistribter : Al-Ahram. | ||
| 504 | _aIncludes bibliographical references (p. 237-239) and index. | ||
| 511 | _aCatalogued By : Mahitab. | ||
| 650 | 0 |
_aHotels _xPlanning. |
|
| 650 | 0 |
_aResorts _xPlanning. |
|
| 650 | 0 |
_aHotels _xDesign and construction. |
|
| 650 | 0 |
_aResorts _xDesign and construction. |
|
| 650 | 0 | _aResort development. | |
| 942 |
_cBB _k647.94068HUF |
||
| 999 |
_c5904 _d5904 |
||